00503pab a2200157 454500008004000000100002700040245006000067260000900127300001400136362000800150650002200158773003200180909001000212999001700222952010600239180718b2004 xxu||||| |||| 00| 0 eng d aSinha, Abhishek et al. aRelationship between corporate growth and profitability c2004 ap.425-42. aJan aFinancial markets aIndian Journal of Economics a59871 c59871d59871 00104070aIIPAbIIPAd2018-07-19hVolume no: 84, Issue no: 334pAR60316r2018-07-19w2018-07-19yAR